00221nam a2200097Ia 4500100001700000654001900017245003100036260003600067300000800103546001200111 aMyers/ G.E.  athermodynamics aEngineering thermodynamics bprentice hallaNew Jerseyc1989 a875 aENGLISH